Photoshop elements 4.0 maximum performance : Professional image editing for photographers
A series of creative projects, packed with tips and tricks and illustrated with large, full-color screengrabs, guide you through a wide range of advanced techniques for professional quality editing.
Saved in:
| Main Author: | |
|---|---|
| Format: | Book |
| Language: | Undetermined |
| Published: |
Amsterdam,London
Elsevier/Focal
2006
|
| Subjects: | |
| Tags: |
Add Tag
No Tags, Be the first to tag this record!
|
| Institutions: | Trung tâm Học liệu Trường Đại học Cần Thơ |
|---|
| LEADER | 00812nam a2200229Ia 4500 | ||
|---|---|---|---|
| 001 | CTU_172846 | ||
| 008 | 210402s9999 xx 000 0 und d | ||
| 020 | |c 29.95 | ||
| 082 | |a 006.68 | ||
| 082 | |b G154 | ||
| 100 | |a Galer, Mark | ||
| 245 | 0 | |a Photoshop elements 4.0 maximum performance : | |
| 245 | 0 | |b Professional image editing for photographers | |
| 245 | 0 | |c Mark Galer | |
| 260 | |a Amsterdam,London | ||
| 260 | |b Elsevier/Focal | ||
| 260 | |c 2006 | ||
| 520 | |a A series of creative projects, packed with tips and tricks and illustrated with large, full-color screengrabs, guide you through a wide range of advanced techniques for professional quality editing. | ||
| 650 | |a Adobe Photoshop elements | ||
| 904 | |i Qhieu | ||
| 910 | |a uyen | ||
| 980 | |a Trung tâm Học liệu Trường Đại học Cần Thơ | ||